00591nam a22001817a 4500003000400000008004100004020001800045082001800063100002000081245007600101260007400177300001500251650003400266650004100300650002800341700002000369700002000389OSt260622b |||||||| |||| 00| 0 eng d a9788119105496 a631.521bS56B aShukla, Anurag  aBasics of Seed Pathology/ by Anurag Shukla, C. L. Maurya, G. S. Parihar aNew Delhi: bInternational Books & Periodicals Supply Service,c2024. aix, 217 p. aTechnology (Applied Sciences) aAgriculture and related technologies aSeeds (Seed Technology) aMaurya, C. L.  aParihar, G. S.